Name the players of the Blue Lock Eleven - Statistics

General Stats
  • This quiz has been taken 3,834 times
  • The average score is 13 of 15
Answer Stats
Hint Answer % Correct
Offensive Midfielder/ MC Isagi Yoichi
98%
Goalkeeper Gagamaru Gin
97%
Captain Itoshi Rin
97%
Right side back Chigiri Hyoma
94%
Left side back Bachira Meguru
92%
Blue Lock manager Ego Jinpachi
92%
Offensive Midfielder Nagi Seishiro
92%
Substitute/ Centre back Mikage Reo
90%
Substitute/ Right Winger Barou Shouei
86%
Centre midfielder Karasu Tabito
86%
left centre back Niko Ikki
86%
Right midfielder/Winger Otoya Eita
85%
Right centre back Aryu Jyubei
81%
Left midfielder/Winger Yukimiya Kenyu
80%
Substitute/ Right side back Hiori Yo
77%
No matching quizzes found
Score Distribution
Percent of People with Each Score
Percentile by Number Answered
Your Score History
You have not taken this quiz